Informačný spravodajca ÚEK

Salvato in:
Dettagli Bibliografici
Natura: Periodico
Lingua:slovacco
Pubblicazione: Bratislava ÚEK 1972
Tags: Aggiungi Tag
Nessun Tag, puoi essere il primo ad aggiungerne!!

MARC

LEADER 00000nas2a22000001 4500
001 0016367
005 20250730114345.0
041 0 |a slo 
044 |a SK 
245 1 0 |a Informačný spravodajca ÚEK 
264 1 |a Bratislava  |b ÚEK  |c 1972 
300 |a 1 zv. 
773 0 |w eu_un_cat*s120483